Человек и его дискурс - 8: политическое медиавоздействие - цифровые технологии - гражданская лингвопрагматика (Запись № 13333356)

Подробности
000 -МАРКЕР
контрольное поле 02337nam0a2200409 4500
001 - ИДЕНТИФИКАТОР ЗАПИСИ
контрольное поле RU\NLR\BIBL_A\022397242
005 - ИДЕНТИФИКАТОР ВЕРСИИ
контрольное поле 20260409075240.0
010 ## - МЕЖДУНАРОДНЫЙ СТАНДАРТНЫЙ НОМЕР КНИГИ (ISBN)
Номер (ISBN) 978-5-98424-315-5
Тираж 500
035 ## - ДРУГИЕ СИСТЕМНЫЕ НОМЕРА
Идентификатор записи (NLR Aleph) 022397242
100 ## - ДАННЫЕ ОБЩЕЙ ОБРАБОТКИ
Данные общей обработки 20241202d2024 k y0rusy50 ca
101 0# - ЯЗЫК РЕСУРСА
Язык текста, звукозаписи и т.д. русский
-- английский
102 ## - СТРАНА ПУБЛИКАЦИИ ИЛИ ПРОИЗВОДСТВА
Страна публикации российская федерация
105 ## - ПОЛЕ КОДИРОВАННЫХ ДАННЫХ: ТЕКСТОВЫЕ МАТЕРИАЛЫ, МОНОГРАФИЧЕСКИЕ
Кодированные данные о монографическом текстовом документе a z 000zy
181 #0 - ПОЛЕ КОДИРОВАННЫХ ДАННЫХ: ВИД СОДЕРЖАНИЯ
Код вида содержания (ISBD) i3
Код характеристики содержания (ISBD) axxe
182 #0 - ПОЛЕ КОДИРОВАННЫХ ДАННЫХ: ТИП СРЕДСТВА
Код типа средства (ISBD) n - непосредственное
200 1# - ЗАГЛАВИЕ И СВЕДЕНИЯ ОБ ОТВЕТСТВЕННОСТИ
Основное заглавие Человек и его дискурс - 8: политическое медиавоздействие - цифровые технологии - гражданская лингвопрагматика
Параллельное заглавие Person and his discourse - 8: political media influence - digital technologies - civil linguopragmatics
Сведения, относящиеся к заглавию монография
Первые сведения об ответственности М. Р. Желтухина, И.П. Спорова
Последующие сведения об ответственности Российская академия наук, Институт языкознания [и др.]
Язык параллельного заглавия английский
203 ## - ВИД СОДЕРЖАНИЯ И ТИП СРЕДСТВА
Вид содержания Текст
Дополнительные сведения об издании визуальный
Тип средства непосредственный
210 ## - ПУБЛИКАЦИЯ, РАСПРОСТРАНЕНИЕ И ДР.
Место издания, распространения и т.д. Москва
-- Волгоград
Имя издателя, распространителя и т. д. ПринТерра-Дизайн
Дата издания, распространения и т.д. 2024
215 ## - ФИЗИЧЕСКАЯ ХАРАКТЕРИСТИКА
Специфическое обозначение материала и объем 246 с.
Другие сведения о физической характеристике ил.
Размеры 21
300 ## - ОБЩИЕ ПРИМЕЧАНИЯ
Текст примечания Авт. также на англ. яз.: M. R. Zheltukhina, I. P. Sporova
300 ## - ОБЩИЕ ПРИМЕЧАНИЯ
Текст примечания На с. 245-246 авт.: Желтухина Марина Ростиславовна, д-р филол. наук, проф., акад. РАЕН. Спорова Ирина Петровна, канд. филол. наук
300 ## - ОБЩИЕ ПРИМЕЧАНИЯ
Текст примечания Сведения об авт. парал. на рус. и англ. яз.
320 ## - ПРИМЕЧАНИЯ О НАЛИЧИИ В ДОКУМЕНТЕ БИБЛИОГРАФИИ / УКАЗАТЕЛЯ
Текст примечания Библиогр.: с. 196-232 (271 назв.)
510 1# - ПАРАЛЛЕЛЬНОЕ ЗАГЛАВИЕ
Связь между полями z01790
Параллельное заглавие Person and his discourse - 8: political media influence - digital technologies - civil linguopragmatics
Язык заглавия английский
606 ## - НАИМЕНОВАНИЕ ТЕМЫ КАК ПРЕДМЕТ
Наименование темы Дискурс (лингв.)
Идентификатор авторитетной/нормативной записи RU\NLR\AUTH\661418476
Системный номер авторитетной/нормативной записи 2377099
606 1# - НАИМЕНОВАНИЕ ТЕМЫ КАК ПРЕДМЕТ
Наименование темы Психолингвистика
Системный номер авторитетной/нормативной записи 957276
Идентификатор авторитетной/нормативной записи RU\NLR\AUTH\66356957
686 1# - ИНДЕКСЫ ДРУГИХ КЛАССИФИКАЦИЙ
Индекс Ш100.0
686 1# - ИНДЕКСЫ ДРУГИХ КЛАССИФИКАЦИЙ
Индекс Ф3(0)15
700 #1 - ИМЯ ЛИЦА - ПЕРВИЧНАЯ ОТВЕТСТВЕННОСТЬ
Начальный элемент ввода Желтухина
Часть имени, кроме начального элемента ввода М. Р.
Даты 1974-
Расширение инициалов личного имени Марина Ростиславовна
701 #1 - ИМЯ ЛИЦА - АЛЬТЕРНАТИВНАЯ ОТВЕТСТВЕННОСТЬ
Начальный элемент ввода Спорова
Часть имени, кроме начального элемента ввода И. П.
Расширение инициалов личного имени Ирина Петровна
790 #1 - ИМЯ ЛИЦА - АЛЬТЕРНАТИВНАЯ ФОРМА
Связь между полями z01
Начальный элемент ввода Želtuchina
Часть имени, кроме начального элемента ввода M. R.
Даты 1974-
Расширение инициалов личного имени Marina Rostislavovna
790 #1 - ИМЯ ЛИЦА - АЛЬТЕРНАТИВНАЯ ФОРМА
Связь между полями z01
-- z01510
Начальный элемент ввода Sporova
Часть имени, кроме начального элемента ввода I. P.
Расширение инициалов личного имени Irina Petrovna
942 ## - ДОПОЛНИТЕЛЬНЫЕ ЭЛЕМЕНТЫ ЗАПИСИ (АБИС)
Тип экземпляра АБИС Книга
980 ## - КОЛЛЕКЦИЯ
Название коллекции Национальная библиография
Экземпляры
Тип экземпляра Дата поступления Источник поступления Стоимость Библиотека постоянного хранения Библиотека текущего хранения Место хранения Шифр хранения Штрих-код Статус не для выдачи
Книга 02.12.2024 Обязательный экземпляр 0.00 РНБ (Московский) РНБ (Московский) Русский книжный фонд: издания с 1957 года, 8этаж, Хран. 2024-3/23591 1-4778982  
Книга 02.12.2024 Обязательный экземпляр 0.00 РНБ (Московский) РНБ (Московский) Русский книжный фонд: издания с 1957 года, 8этаж, Хран. 2024-3/23591 1-4778981